Sehelai Daun yang gugur
| Main Author: | |
|---|---|
| Format: | Book |
| Published: |
Kuala Lumpur:
Dewan Bahasa dan Pustaka,
2014.
|
| Subjects: |
| LEADER | 00569cam a2200181 7i4500 | ||
|---|---|---|---|
| 001 | 0000033108 | ||
| 005 | 20190517090000.0 | ||
| 007 | ##ta | ||
| 008 | 190517t2014 my | ||
| 020 | # | # | |a 978983460949 |
| 090 | 0 | 0 | |a B 899.2333 |b ZAH (LRM) |
| 100 | 1 | # | |a Zaharah Nawawi |e author |
| 245 | 1 | 0 | |a Sehelai Daun yang gugur |c ZAHARAH NAWAWI & DIL FROZ JAN. |
| 264 | # | 1 | |a Kuala Lumpur: |b Dewan Bahasa dan Pustaka, |c 2014. |
| 300 | # | # | |a 307 pages: |b illustrations; |c 19 cm. |
| 650 | 2 | 0 | |a Malay fiction |
| 650 | 1 | 0 | |a Malaysian fiction (Malay) |
| 999 | |a B000037428 |b Book |c Book |e Business Information Centre | ||